000
00432nam a2200145Ia 4500
008
100204s9999 xx 000 0 und d
082
_b
105
100
_a
चव्हाण बिमन
245
_a
प्रमोशन
260
_b
"डिंंंंप्ंाल पब्लिकेशन, वसई"
_c
1979
300
_a
88
630
_a
प्रमोशन
730
_a
प्रमोशन
942
_c
BOOK
999
_c
445302
_d
445299